| 000 | 00607nam a2200205Ia 4500 | ||
|---|---|---|---|
| 005 | 20230303152312.0 | ||
| 008 | 131103s9999 xx 000 0 und d | ||
| 040 | _aLoreto College | ||
| 041 | _aEnglish | ||
| 082 |
_a822.33 _bSHA-BIS |
||
| 100 | _aBiswas,Dinesh Chandra | ||
| 245 |
_aTreatment of his sources in the comedies _cDinesh Chandra Biswas |
||
| 260 |
_aCalcutta _bJadavpur University Press _c1971 |
||
| 300 | _axii,287 p. | ||
| 504 | _aIncludes bibliographical references and index | ||
| 650 | _aEnglish Drama | ||
| 651 | _aShakespeare,William - Comedies | ||
| 850 | _aLCLIB | ||
| 942 | _cBK | ||
| 999 |
_c4481 _d54960 |
||